000 00290nam a2200133Ia 4500
100 _aMaggu/P.L
942 _cBK
654 _aLinear
245 _aOperational Research & Linear Programming
260 _bShalini Prakashan
_c2001
082 _a519.72
300 _a254
546 _aENGLISH
999 _c19063
_d19063